Catálogo
 En Linea
Vista normal Vista MARC

Entrada Nombre personal

Número de registros utilizados en: 2

001 - NÚMERO DE CONTROL

  • campo de control: 42992

003 - IDENTIFICADOR DEL NÚMERO DE CONTROL

  • campo de control: BNPHU

005 - FECHA Y HORA DE LA ÚLTIMA TRANSACCIÓN

  • campo de control: 20240305133500.0

008 - DATOS DE LONGITUD FIJA

  • campo de control de longitud fija: 200615|| aca||aabn | a|a d

040 ## - FUENTE DE LA CATALOGACIÓN

  • Centro catalogador/agencia de origen: DO-SdBNP
  • Lengua de catalogación: spa
  • Centro/agencia transcriptor: BNPHU
  • Normas de descripción: rda

100 1# - ENCABEZAMIENTO-NOMBRE DE PERSONA

  • Nombre de persona: Campo Gutiérrez, Santiago,
  • Fechas asociadas al nombre: 1956-

370 ## - LUGAR ASOCIADO

  • Lugar de nacimiento: Santo Domingo (República Dominicana)
  • País asociado: República Dominicana
  • Lugar de residencia/sede: Nueva York

372 ## - CAMPO DE ACTIVIDAD

  • Campo de actividad: Escritor
  • Campo de actividad: Periodista

375 ## - GÉNERO/SEXO

  • Género/Sexo: Masculino

377 ## - LENGUA/LENGUAJE ASOCIADO

  • Código del idioma: spa

400 1# - TRAZADO DE VÉASE--NOMBRE DE PERSONA

  • Nombre de persona: Campo, Santiago Gutiérrez-,
  • Fechas asociadas al nombre: 1956-

400 1# - TRAZADO DE VÉASE--NOMBRE DE PERSONA

  • Nombre de persona: Campo-Gutiérrez, Santiago,
  • Fechas asociadas al nombre: 1956-

670 ## - FUENTE DE DATOS ENCONTRADOS

  • Cita de la fuente: Work cat.: (OSt)19845: Campo Gutiérrez, Santiago 1956-, Los malvados /, 2015.

670 ## - FUENTE DE DATOS ENCONTRADOS

  • Cita de la fuente: Gutiérrez-Campo, Santiago. Los perros de la noche, 1993:

670 ## - FUENTE DE DATOS ENCONTRADOS

  • Cita de la fuente: Aponte, S. Autores dominicanos de la diáspora, 2013

Con tecnología Koha